Statistics for 1 to 100

Click here to take the quiz!

General Stats

  • This quiz has been taken 4,372 times
  • The average score is 70 of 100

Answer Stats

Answer% Correct
1
100%
2
99%
3
99%
4
98%
5
97%
6
97%
7
97%
8
97%
9
96%
10
94%
12
93%
11
92%
13
92%
14
91%
15
90%
16
90%
17
90%
18
89%
19
89%
21
89%
20
88%
26
87%
25
87%
24
87%
23
87%
22
87%
27
86%
28
86%
29
85%
31
84%
32
84%
34
84%
30
83%
33
83%
35
83%
36
82%
37
81%
41
81%
38
80%
39
80%
40
80%
42
79%
43
79%
45
79%
44
77%
46
77%
47
76%
48
75%
51
74%
50
74%
49
74%
52
73%
53
72%
54
72%
55
72%
56
72%
57
70%
58
70%
59
69%
60
68%
61
68%
62
66%
63
65%
64
65%
65
65%
66
64%
67
62%
68
61%
69
60%
70
60%
71
60%
72
57%
73
56%
75
55%
74
55%
76
54%
77
53%
78
52%
79
49%
80
47%
81
47%
82
46%
83
45%
84
44%
85
43%
86
43%
88
42%
87
41%
89
39%
90
39%
91
37%
92
37%
93
37%
94
35%
95
34%
96
33%
97
33%
99
33%
98
32%
100
29%

Score Distribution

Percentile by Number Answered

Percent of People with Each Score

Your Score History

You have not taken this quiz